000 01074nam a22002177a 4500
001 BD-DhSAU 10049
003 BD-DhSAU
005 20150626094148.0
008 150626b1985 bg ||||r|||| 000 0 ben d
040 _aBD-DhSAU
082 _222
_a---
_bআইপ
100 _aআইনস্টাইন, এলবার্ট
245 _aপদার্থবিদ্যার বিবর্তন :
_cএলবার্ট আইনস্টাইন এবং লিওপোল্ড ইনফেল্ড।
_bআদিম চিন্তাধারা থেকে অপেক্ষবাদ এবং কোয়ান্টামতত্ত্ব বিকাশের কাহিনী /
260 _aকলকাতা :
_bবাউলমন,
_c১৯৮৫.
300 _a২৫২ পৃ. :
_c২২ সেমি
590 _ajoy
650 _aপদার্থবিদ্যা
700 _aইনফেল্ড, লিওপোল্ড
700 _aদাশগুপ্ত, শত্রুজিৎ
_eঅনুবাদক
942 _2ddc
_cBOOK
999 _c10049
_d10048